Textbook of Pharmacology (Record no. 1842)

MARC details
000 -LEADER
Fixed length control field 00518nam a2200193Ia 4500
003 - CONTROL NUMBER IDENTIFIER
Control field IIN
005 - DATE AND TIME OF LATEST TRANSACTION
Control field 20250526123604.0
008 - FIXED-LENGTH DATA ELEMENTS--GENERAL INFORMATION
Fixed length control field 250526s2025 xx ad 001 0 eng d
020 ## - INTERNATIONAL STANDARD BOOK NUMBER / ISBN
Price Rs.495.00
International Standard Book Number 9788197260780
040 ## - CATALOGING SOURCE
Original cataloging agency IIN
Language of cataloging English
082 ## - DEWEY DECIMAL CLASSIFICATION NUMBER
Classification number 615.1
Book Number SET
100 1# - MAIN ENTRY--PERSONAL NAME
Personal name Sethi, Dipak
245 1# - TITLE STATEMENT
Title Textbook of Pharmacology
Sub title for BSc. Nurses Students/
Statement of responsibility Dipak Sethi
260 ## - IMPRINT
Place of publication Delhi
Name of publisher AITBS
Date of publication 2025
300 ## - PHYSICAL DESCRIPTION
Page / Vol. No xx, 420 p.
Other physical details ill.
500 ## - GENERAL NOTE
General note Includes Index
650 1# - SUBJECT ADDED ENTRY--TOPICAL TERM
Topical term Pharmacology
942 ## - ADDED ENTRY ELEMENTS (KOHA)
Koha item type Books
Holdings
Withdrawn status Lost status Source of classification Damaged status Not for loan Collection code Home library Current library Shelving location Date acquired Price Total Checkouts Call number Accession number Date last seen Price effective from Koha item type
    Dewey Decimal Classification     Purches Book IDEAL INSTITUTE OF NURSING IDEAL INSTITUTE OF NURSING General Stacks 21/04/2025 495.00   615.1 SET 2071 26/05/2025 26/05/2025 Books
© Ideal Institute Of Nursing, All rights reserved.         Powered by Koha